Analýza modelov, postupov a techník ohodnocovania dlhopisov diplomová práca

Na minha lista:
Detalhes bibliográficos
Autor principal: Blahunková, Dominika
Autor Corporativo: Fakulta podnikového manažmentu EU. Katedra podnikových financií
Outros Autores: Polednáková, Anna, 1957-
Formato: Livro
Idioma:eslovaco
Publicado em: Bratislava 2015
Tags: Adicionar Tag
Sem tags, seja o primeiro a adicionar uma tag!

MARC

LEADER 00000nbm a2200000 4500
001 0201294
005 20161212101615.2
041 0 |a slo 
044 |a SK 
245 1 0 |a Analýza modelov, postupov a techník ohodnocovania dlhopisov  |b diplomová práca  |c Dominika Blahunková ; školiteľ: Anna Polednáková 
264 1 |a Bratislava  |c 2015 
300 |a 81 s. 
100 1 |a Blahunková, Dominika 
700 1 |a Polednáková, Anna, 1957- 
710 2 |a Fakulta podnikového manažmentu EU. Katedra podnikových financií